|
|
|
|
| LEADER |
00000nab a2200000ua 4500 |
| 001 |
vtls010803072 |
| 003 |
SK-MaSNL |
| 005 |
20260303182019.0 |
| 008 |
230218s1985 xo |||||||||||||||||eng| |
| 035 |
|
|
|a (urnnbn)urn:nbn:sk:snk:ar-a05skq
|
| 035 |
|
|
|a (uuid)bfd72c73-97e0-42ad-a355-ce0367316be4
|
| 035 |
|
|
|a urn:nbn:sk:snk-ab4v13
|
| 040 |
|
|
|a SNKBUCL
|b slo
|c SNKBUCL
|e AACR2
|
| 041 |
0 |
|
|a eng
|
| 044 |
|
|
|a xo
|c SK
|
| 100 |
1 |
|
|a Pajerský, A.
|4 aut
|9 779676
|
| 245 |
1 |
4 |
|a The larval stages of Elaphostrongylus cervi panticola Lubimov, 1945
|c A. Pajerský, R. Švarc, E. I. Pryadko, Z. Kh. Tazieva
|
| 700 |
1 |
|
|a Švarc, R.
|4 aut
|9 1156619
|
| 700 |
1 |
|
|a Pryadko, E. I.
|4 aut
|9 926604
|
| 700 |
1 |
|
|a Tazieva, Z. Kh.
|4 aut
|9 1209231
|
| 773 |
0 |
|
|t Helminthologia
|g Roč. 22, č. 3 (1985), s. 171-180
|
| 958 |
|
|
|a OND
|
| 958 |
|
|
|a EUIPO
|
| 958 |
|
|
|a article3
|
| 999 |
|
|
|c 2115264
|d 2117194
|